000 01029nam a2200277Ia 4500
003 OSt
005 20220918185351.0
006 a|||||r|||| 00| 0
007 ta
008 220917b |||||||| |||| 00| 0 eng d
024 _a50,743
037 _cTextual
040 _aARTS
_cARTS
_beng
041 _2eng
_aeng
082 _aP:(S)p1,N68, L1
100 _aHorton David L. Ed.
_968770
110 _aSymposium of the learninbg research and development center on perception of language (Univ Of Pittsburgh)
_968771
245 0 _aProceedings
_b Perception of language ed by David L Horton and Jamnes J
260 _aColumbus
_bCharles E Merrill USA
_c1971
300 _axix,267p. illus
_ccm.
650 _aLINGUISTICS
700 _a Jenkins James J. Ed.
_968772
700 _aSymposium of the learninbg research and development center on perception of language (Univ Of Pittsburgh)
_968773
942 _hP:(S)p1,N68, L1
_cTEXL
_2CC
999 _c180338
_d180338